Statistics for Asian Island Nations

Click here to take the quiz!

General Stats

  • This quiz has been taken 69,577 times
  • The average score is 9 of 11

Answer Stats

Country% Correct
Indonesia
97%
Japan
97%
Sri Lanka
94%
Philippines
93%
Taiwan
93%
Singapore
86%
Maldives
84%
East Timor
82%
Brunei
81%
Bahrain
70%
Cyprus
64%

Score Distribution

Percentile by Number Answered

Percent of People with Each Score

Your Score History

You have not taken this quiz